01483nam a22003737a 4500003000500000005001700005008004100022010001000063011001000073035001000083040000900093090001000102100003800112245008400150260004000234300001000274502007500284590003700359590004100396590004100437590004100478590004100519590004200560650003400602650003400636700004700670901000700717942000900724949004300733949005500776999001700831952013300848952012800981CHAP20220329135931.0971013s1994 r 00010 d a44315 a45287 a49426 cCHAP aTesis00aFlores Baldovino, Ignacio.941447 aElaboración de una bacterina para la prevención de Pasteurelosis en conejos aChapingo, Méx. :bEl autor,c1994 a48 h. aTesis (Ing. Agr. Esp. en Zootecnia) -- UACH. Departamento de Zootecnia aALEPHb10c20130110lUCH01h1313 aBATCH-UPDb10c20130110lUCH01h0212 aBATCH-UPDb10c20130110lUCH01h2117 aBATCH-UPDb10c20130410lUCH01h1427 aBATCH-UPDb10c20130914lUCH01h1029 aCONVERSIONb10c20130109lUCH01h132414aConejosxEnfermedades.92636214aPasteurella multocida.9859140 aHernández Barroso, Marco Antonio.953839 aBK cFOLL bBCcTESd-111501eTS1h30482i49426si bBCcTESd33724000006839eTS2fc.2h30483i49426si c44315d44315 00102local4053708TESISaBCbBCcPA_TESISd2019-12-31fTESISl0p33724000006839r2019-12-31 00:00:00tc.2w2019-12-31yTESIS 00102local4051708TESISaBCbBCcPA_TESISd2019-12-31fTESISl0oTesisp-111501r2019-12-31 00:00:00w2019-12-31yTESIS